[Event "Bundesliga 1718"]
[Site "Germany"]
[Date "2018.04.29"]
[Round "13.2"]
[White "Engel, Luis"]
[Black "Lammers, Markus"]
[Result "1-0"]
[WhiteElo "2344"]
[BlackElo "2308"]
[PlyCount "129"]
[EventDate "2017.10.21"]
[EventType "team-tourn"]
[EventRounds "15"]
[EventCountry "GER"]
[SourceTitle "CBM 184"]
[Source "ChessBase"]
[SourceDate "2018.05.16"]
[SourceVersion "1"]
[SourceVersionDate "2018.05.16"]
[SourceQuality "1"]
[WhiteTeam "Hamburger SK"]
[BlackTeam "Muenchen Zugzwang"]
[WhiteTeamCountry "GER"]
[BlackTeamCountry "GER"]

1. e4 e5 2. Nf3 Nf6 3. d4 Nxe4 4. Bd3 d5 5. Nxe5 Bd6 6. 0-0 0-0 7. c4 c6 8. Nc3 Bf5 9. Qf3 Bxe5 10. dxe5 Bg6 11. Nxe4 dxe4 12. Bxe4 Qd4 13. Bxg6 hxg6 14. Qf4 Rd8 15. Qxd4 Rxd4 16. b3 Nd7 17. Bb2 Rd2 18. Bc3 Rd3 19. Rac1 Rd8 20. Rfe1 Nc5 21. Kf1 R3d7 22. Rc2 g5 23. g3 Kh7 24. Ree2 Kg6 25. Rcd2 Kf5 26. Rxd7 Rxd7 27. Kg2 Rd3 28. Bd2 a6 29. f3 Ne6 30. g4+ Kg6 31. Rf2 a5 32. Bxa5 Nf4+ 33. Kg3 Re3 34. Rd2 Nd3 35. Bb6 c5 36. Kg2 Nf4+ 37. Kf2 Rxe5 38. Bc7 Re8 39. h4 Ne6 40. h5+ Kf6 41. Ba5 Ke7 42. Bb6 Ra8 43. a4 Ra6 44. a5 Ra8 45. Ke3 Rc8 46. Rd5 Ke8 47. Ke4 Ke7 48. Kf5 Ke8 49. Ke4 Ke7 50. Kf5 Rc6 51. Ke4 Rc8 52. Ke3 Rc6 53. Kd2 Rc8 54. Kc3 Rc6 55. b4 cxb4+ 56. Kxb4 f6 57. Kb5 Rc8 58. Bc5+ Ke8 59. Bd6 Rc6 60. Rd1 Nd8 61. c5 Ne6 62. Kc4 Ra6 63. Rb1 Ra7 64. Kd5 Nd8 65. Re1+ 1-0

[Event "Hamburg CC Easter op 4th"]
[Site "Hamburg"]
[Date "2018.03.30"]
[Round "1"]
[White "Lammers, Markus"]
[Black "Tscherepanov, Leon"]
[Result "1-0"]
[WhiteElo "2317"]
[BlackElo "1775"]
[PlyCount "33"]
[EventDate "2018.03.30"]
[EventType "swiss"]
[EventRounds "7"]
[EventCountry "GER"]
[SourceTitle "CBM 183 Extra"]
[Source "ChessBase"]
[SourceDate "2018.04.19"]
[SourceVersion "1"]
[SourceVersionDate "2018.04.19"]
[SourceQuality "1"]

1. Nf3 d5 2. c4 e6 3. d4 Nf6 4. Nc3 c6 5. e3 Bd6 6. Bd3 Nbd7 7. 0-0 h6 8. e4 dxe4 9. Nxe4 Nxe4 10. Bxe4 Nf6 11. Bc2 Qc7 12. Re1 Bd7 13. Ne5 0-0 14. Qd3 Rfd8 15. c5 Bf8 16. Bf4 Qa5 17. Ng4 1-0

[Event "Bremen Silvester op"]
[Site "Bremen"]
[Date "2017.12.29"]
[Round "5"]
[White "Reuker, Jari"]
[Black "Lammers, Markus"]
[Result "1-0"]
[WhiteElo "2334"]
[BlackElo "2319"]
[PlyCount "63"]
[EventDate "2017.12.27"]
[EventType "swiss"]
[EventRounds "7"]
[EventCountry "GER"]
[SourceTitle "CBM 182 Extra"]
[Source "ChessBase"]
[SourceDate "2018.02.23"]
[SourceVersion "1"]
[SourceVersionDate "2018.02.23"]
[SourceQuality "1"]

1. d4 d5 2. c4 Nc6 3. Nc3 dxc4 4. d5 Ne5 5. f4 Nd7 6. e4 Nb6 7. a4 a5 8. Be3 e6 9. Bxb6 cxb6 10. Bxc4 Bb4 11. dxe6 Bxe6 12. Bxe6 Qxd1+ 13. Rxd1 fxe6 14. Nge2 Nf6 15. Kf2 0-0 16. Kf3 Rac8 17. e5 Nh5 18. g3 Rf7 19. Ne4 h6 20. Nd4 Re8 21. h4 Kh8 22. Nb5 Ref8 23. Nbd6 Rc7 24. Rc1 Rd7 25. Rc2 Bxd6 26. Rd2 Rfd8 27. Rhd1 Bxe5 28. Rxd7 Rxd7 29. Rxd7 Bxb2 30. Rxb7 Bd4 31. g4 Nf6 32. Nxf6 1-0

[Event "Bremen Silvester op"]
[Site "Bremen"]
[Date "2017.12.28"]
[Round "3"]
[White "Wachinger, Nikolas"]
[Black "Lammers, Markus"]
[Result "1/2-1/2"]
[WhiteElo "2243"]
[BlackElo "2319"]
[PlyCount "82"]
[EventDate "2017.12.27"]
[EventType "swiss"]
[EventRounds "7"]
[EventCountry "GER"]
[SourceTitle "CBM 182 Extra"]
[Source "ChessBase"]
[SourceDate "2018.02.23"]
[SourceVersion "1"]
[SourceVersionDate "2018.02.23"]
[SourceQuality "1"]

1. e4 d5 2. exd5 Nf6 3. d4 Nxd5 4. Nf3 g6 5. c4 Nb6 6. a4 a5 7. c5 Nd5 8. Bc4 Nc6 9. Nc3 Ncb4 10. 0-0 Bg7 11. h3 0-0 12. Bg5 b6 13. Re1 Ba6 14. Nxd5 Nxd5 15. Bxd5 Qxd5 16. Bxe7 Rfe8 17. Qd2 Bb7 18. cxb6 cxb6 19. Qf4 Qb3 20. Bf6 Bxf3 21. gxf3 Bxf6 22. Qxf6 Qxb2 23. Rab1 Qa2 24. Rxe8+ Rxe8 25. Rxb6 Qxa4 26. Rb7 Qc4 27. Ra7 a4 28. Kg2 h5 29. d5 Qxd5 30. Rxa4 Re5 31. Ra8+ Qxa8 32. Qxe5 Qc8 33. Qf6 Qe6 34. Qd8+ Kh7 35. Qg5 Kg7 36. Qf4 Qf6 37. Qe3 g5 38. Qe4 Qe6 39. Qd4+ Kg6 40. Qd3+ Kh6 41. Qd8 h4 1/2-1/2